LEADER 04032nam 2200649 450 001 9910464798003321 005 20200903223051.0 010 $a3-11-033339-2 024 7 $a10.1515/9783110333398 035 $a(CKB)3460000000134873 035 $a(EBL)1345732 035 $a(SSID)ssj0001085504 035 $a(PQKBManifestationID)11613102 035 $a(PQKBTitleCode)TC0001085504 035 $a(PQKBWorkID)11068561 035 $a(PQKB)11647955 035 $a(MiAaPQ)EBC1345732 035 $a(DE-B1597)213598 035 $a(OCoLC)881296247 035 $a(OCoLC)901575996 035 $a(DE-B1597)9783110333398 035 $a(Au-PeEL)EBL1345732 035 $a(CaPaEBR)ebr11035971 035 $a(CaONFJC)MIL806494 035 $a(EXLCZ)993460000000134873 100 $a20131021h20132013 uy| 0 101 0 $ager 135 $aur||||||||||| 181 $ctxt 182 $cc 183 $acr 200 14$aDie fru?hen U?bersetzungen aus dem Englischen ins Franzo?sische $eam Beispiel der Nordamerikaliteratur (1572-1700) /$fMaria Hegner 210 1$aBerlin ;$aBoston :$cDe Gruyter,$d[2013] 210 4$d©2013 215 $a1 online resource (464 p.) 225 1 $aBeihefte zur Zeitschrift fu?r romanische Philologie,$x0084-5396 ;$vBand 383 300 $aDescription based upon print version of record. 311 $a3-11-033226-4 320 $aIncludes bibliographical references and index. 327 $aU?bersetzen im 16. und 17. Jahrhundert in Frankreich -- Die Anfa?nge der englisch-franzo?sischen U?bersetzungsgeschichte (1572-1700) -- Zum Sprachstand des Fru?hneuenglischen (1500-1700) und des Fru?hneufranzo?sischen (1500-1600) -- U?bersetzungsanalyse 1: Die zweite Reise des Martin Frobisher in die kanadische Arktis zur Suche der Nordwestpassage (1577) -- U?bersetzungsanalyse 2: Harriots Virginiabericht (1588/1590) -- Zusammenfassung. 330 $aDie frühesten Übersetzungen aus dem Englischen ins Französische sind bisher Gegenstand nur weniger Studien geworden, die überwiegend älteren Datums sind. In diesem Band werden Strategien und Verfahren der französischen Übersetzer aus dem Englischen anhand zweier ausführlicher empirischer Analysen früher geographischer Texte, La navigation du capitaine Martin Forbisher Anglois (1578) von Nicolas Pithou und Merveilleux et estrange rapport, toutesfois fidèle, des commoditez qui se trouvent en Virginia (1590) von Charles de l'Escluse, detailliert untersucht. Darüber hinaus fragt die Studie nach den Gründen für das späte Einsetzen der Übersetzungstätigkeit in dieser Übersetzungsrichtung und bietet Übersichten zu den übersetzten Texten englischer Autoren aus dem Englischen und Lateinischen.Die Arbeit liefert nicht nur Erkenntnisse für die Übersetzungsgeschichte, sondern informiert auch über Aspekte der französischen und englischen Sprachgeschichte im 16. und 17. Jahrhundert, beispielsweise über Wortgeschichte und Stilistik. 330 $aThe earliest translations from English to French have rarely been the objects of careful study. This volume provides detailed empirical analyses of the strategies employed by French translators of early English travel reports on North America. It offers new insights on the history of translation and on aspects of the history of the English and French languages during the 16th and 17th centuries. 410 0$aBeihefte zur Zeitschrift fu?r romanische Philologie ;$v383. Heft. 606 $aEnglish literature$xTranslating into French 606 $aTranslating and interpreting$xHistory 608 $aElectronic books. 615 0$aEnglish literature$xTranslating into French. 615 0$aTranslating and interpreting$xHistory. 676 $a448/.04021 700 $aHegner$b Maria$f1980-$01040319 801 0$bMiAaPQ 801 1$bMiAaPQ 801 2$bMiAaPQ 906 $aBOOK 912 $a9910464798003321 996 $aDie fru?hen U?bersetzungen aus dem Englischen ins Franzo?sische$92463076 997 $aUNINA LEADER 03519nam 2200721 a 450 001 9910779159303321 005 20230412180332.0 010 $a0-8039-7962-2 010 $a1-4462-6517-X 010 $a1-283-88137-3 010 $a1-4462-3154-2 035 $a(CKB)2550000000103807 035 $a(EBL)1023987 035 $a(OCoLC)827617330 035 $a(SSID)ssj0000657114 035 $a(PQKBManifestationID)11446777 035 $a(PQKBTitleCode)TC0000657114 035 $a(PQKBWorkID)10636053 035 $a(PQKB)10127100 035 $a(MiAaPQ)EBC1023987 035 $a(OCoLC)1007859416 035 $a(StDuBDS)EDZ0000063796 035 $a(Au-PeEL)EBL1023987 035 $a(CaPaEBR)ebr10567035 035 $a(CaONFJC)MIL419387 035 $a(OCoLC)797835649 035 $a(FINmELB)ELB133614 035 $a(PPN)238400468 035 $a(EXLCZ)992550000000103807 100 $a20120326d1995 fy 0 101 0 $aeng 135 $aur||||||||||| 181 $ctxt$2rdacontent 182 $cc$2rdamedia 183 $acr$2rdacarrier 200 00$aLocal commons and global interdependence $eheterogeneity and cooperation in two domains /$feditors, Robert O. Keohane. Elinor Ostrom 210 1$aLondon :$cSAGE,$d1995. 215 $a1 online resource (viii, 261 pages) $cillustrations 300 $a"Published under the auspices of the Center for International Affairs, Harvard University." 300 $a"Previously published as a special issue of the Journal of theoretical politics, vol. 6 (1994), no. 4". 311 0 $a1-4462-2201-2 311 0 $a0-8039-7963-0 320 $aIncludes bibliographical references and index. 327 $aCover; Contents; Notes on Contributors; Chapter 1 - Introduction; Part I - Theoretical Puzzles; Chapter 2 - The Problem of Scale in Human/Environment Relationships; Chapter 3 - The Politics of Scope: Endogenous Actors, Heterogeneity and Institutions; Chapter 4 - Heterogeneity, Linkage and Commons Problems; Part II - Evidence from the Laboratory; Chapter 5 - Heterogeneities, Information and Conflict Resolution: Experimental Evidence on Sharing Contracts; Part III - Evidence from the Field; Chapter 6 - Constituting Social Capital and Collective Action 327 $aChapter 7 - The Conditions for Successful Collective Action Chapter 8 - Self-interest and Environmental Management; Chapter 9 - Heterogeneities at Two Levels: States, Non-state Actors and Intentional Oil Pollution; Index 330 8 $aThis volume offers a synthesis of what is known about very large and very small common-pool resources. At an international level, states cannot appeal to authoritative hierarchies to enforce agreements they make to cooperate with one another. In some small-scale settings, participants may be just as helpless in calling on distant public officials to monitor and enforce their agreements. 517 3 $aLocal commons & global interdependence 606 $aNatural resources, Communal 606 $aGlobal commons 606 $aSharing 615 0$aNatural resources, Communal. 615 0$aGlobal commons. 615 0$aSharing. 676 $a333.717 701 $aKeohane$b Robert O$g(Robert Owen),$f1941-$0267058 701 $aOstrom$b Elinor$0120863 712 02$aHarvard University.$bCenter for International Affairs. 801 0$bStDuBDS 801 1$bStDuBDS 906 $aBOOK 912 $a9910779159303321 996 $aLocal commons and global interdependence$93809744 997 $aUNINA